01114nam a22001577a 4500008004100000020001800041050001600059100002800075245006200103260005100165300001800216500007500234500012100309505047200430650005400902210804s19922011mx a|||| |||| 00| 0 spa d a9789682443992 aF1234bC356 aCaraveo, Marceloeautor aCrónica de la Revolución Mexicanac/ Marcelo, Caraveo aMéxicob: Trillasc, 1992 reimpresión 2011 a207 páginas aTítulo anterior: Crónica de la Revolución Mexicana (1910 - 1929) aIncluye: Advertencia / Introducción / Cronología de la vida del general Marcelo Caraveo / Entrevista / Índices a1. Del 19 de noviembre de 1910 en San Isidro, municipio de Guerrero, hasta la rendición de Ciudad Juárez 2. Del 22 de junio de 1911, entrada a la ciudad de Chihuahua hasta el Tratado de Teoloyucan del 13 de agosto de 1914. 3. De Veracruz hasta la campaña zapatista. 4. De la campaña Huasteca hasta la jefatura de operaciones en el estado de Chihuahua. 5. De la jefatura de operaciones en chihuahua hasta el final del Movimiento Renovador de 1929. 0aMÉXICO vHISTORIA vREVOLUCIÓN y1910 - 1920